[Event "Las Vegas Masters"]
[Site "Las Vegas"]
[Date "2006.06.12"]
[Round "5.7"]
[White "Almeida, Alfonso A"]
[Black "Friedel, Joshua"]
[Result "1/2-1/2"]
[WhiteElo "2400"]
[BlackElo "2465"]
[PlyCount "98"]
[EventDate "2006.06.??"]

1. Nf3 Nc6 2. d4 d5 3. Bf4 Bg4 4. Nbd2 e6 5. h3 Bf5 6. c3 Bd6 7. e3 f6 8. Nh4
Bxf4 9. Nxf5 exf5 10. exf4 Qd6 11. g3 Kf7 12. Be2 Re8 13. O-O g6 14. Nb3 Nge7
15. Nc5 b6 16. Nd3 Na5 17. Bf3 c6 18. Re1 Qd7 19. Qa4 Nc4 20. Rad1 a5 21. Qc2
Nc8 22. b3 N4d6 23. c4 Rxe1+ 24. Nxe1 Ne4 25. Ng2 Ne7 26. Ne3 Qe6 27. Kg2 Rc8
28. Rc1 Qd6 29. Qd3 Rc7 30. Rc2 Qe6 31. cxd5 Nxd5 32. Qa6 Qc8 33. Qc4 b5 34.
Qf1 Qd7 35. Qe1 Nb4 36. Re2 Qxd4 37. a3 Nd3 38. Qxa5 Ra7 39. Nc2 Rxa5 40. Nxd4
Rxa3 41. Bxe4 fxe4 42. Rxe4 Ra2 43. Nxc6 Rxf2+ 44. Kg1 Rc2 45. Re7+ Kf8 46. Re6
f5 47. Nd4 Rb2 48. Re3 Nc5 49. Nxb5 Rxb3 1/2-1/2

[Event "Las Vegas Masters"]
[Site "Las Vegas"]
[Date "2006.06.12"]
[Round "5.9"]
[White "Vigorito, David"]
[Black "Sarkar, Justin"]
[Result "1/2-1/2"]
[WhiteElo "2373"]
[BlackElo "2355"]
[PlyCount "29"]
[EventDate "2006.06.??"]

1. d4 Nf6 2. c4 e6 3. Nc3 Bb4 4. Qc2 O-O 5. a3 Bxc3+ 6. Qxc3 Ne4 7. Qc2 f5 8.
Nh3 d6 9. f3 Nf6 10. e3 e5 11. dxe5 dxe5 12. Be2 a5 13. b3 c5 14. Nf2 Nc6 15.
O-O 1/2-1/2

[Event "Las Vegas Masters"]
[Site "Las Vegas"]
[Date "2006.06.12"]
[Round "5.10"]
[White "Aigner, Michael"]
[Black "Allen, Edward"]
[Result "1/2-1/2"]
[WhiteElo "2245"]
[BlackElo "2196"]
[PlyCount "95"]
[EventDate "2006.06.??"]

1. e4 c5 2. Nc3 Nc6 3. g3 g6 4. Bg2 Bg7 5. d3 Rb8 6. Be3 d6 7. Qd2 b5 8. Nge2
Nd4 9. O-O e6 10. f4 Ne7 11. Bf2 b4 12. Nd1 Nxe2+ 13. Qxe2 O-O 14. a3 a5 15.
axb4 axb4 16. g4 Nc6 17. c3 Rb6 18. e5 Nb8 19. Ne3 Ba6 20. Nc4 Bxc4 21. dxc4
bxc3 22. bxc3 Qc7 23. Qe3 Nd7 24. exd6 Rxd6 25. Rfb1 Rb6 26. Rxb6 Qxb6 27. Rd1
Nf6 28. Bf3 Rc8 29. Qd3 Bf8 30. Kg2 Be7 31. g5 Ne8 32. Qd7 Qc7 33. Bb7 Qxd7 34.
Rxd7 Rc7 35. Rxc7 Nxc7 36. Bc6 Bd6 37. Kf3 Kf8 38. h4 Ne8 39. h5 Ng7 40. h6 Nf5
41. Ke4 Ke7 42. Be1 Bc7 43. Bf2 Bb6 44. Kd3 Nd6 45. Be3 Kd8 46. Bb5 Ke7 47. Bc6
Kd8 48. Bb5 1/2-1/2

[Event "Las Vegas Masters"]
[Site "Las Vegas"]
[Date "2006.06.12"]
[Round "5.12"]
[White "Taylor, Timothy"]
[Black "Rensch, Daniel"]
[Result "0-1"]
[WhiteElo "2330"]
[BlackElo "2360"]
[PlyCount "78"]
[EventDate "2006.06.??"]

1. f4 g6 2. Nf3 Bg7 3. e4 c5 4. Be2 Nc6 5. O-O d6 6. d3 e6 7. c3 Nge7 8. Be3
O-O 9. Nbd2 b6 10. Qe1 d5 11. Qh4 Ba6 12. Rae1 d4 13. cxd4 cxd4 14. Bf2 Nb4 15.
Ne5 Rc8 16. Ndf3 Rc2 17. Ng5 h6 18. Ngxf7 Rxf7 19. Nxf7 Kxf7 20. f5 Rxe2 21.
Rxe2 Bxd3 22. Ree1 Bxf1 23. Rxf1 exf5 24. exf5 gxf5 25. Be1 Nbc6 26. g4 d3 27.
gxf5 Qd4+ 28. Qxd4 Bxd4+ 29. Kg2 Bxb2 30. Bd2 h5 31. Rf3 Ne5 32. Rh3 Nxf5 33.
Rxh5 Ke6 34. Rh3 Nd6 35. Bf4 Ndc4 36. Bxe5 d2 37. Rd3 Bxe5 38. Kg1 Bf4 39. Kf1
Nb2 0-1

[Event "Las Vegas Masters"]
[Site "Las Vegas"]
[Date "2006.06.12"]
[Round "5.13"]
[White "Savage, Ben"]
[Black "Arjun, Vishnuvardhan"]
[Result "1/2-1/2"]
[WhiteElo "2310"]
[BlackElo "2221"]
[PlyCount "106"]
[EventDate "2006.06.??"]

1. e4 c5 2. c3 d5 3. exd5 Qxd5 4. d4 Nf6 5. Nf3 e6 6. Be3 cxd4 7. cxd4 Bb4+ 8.
Nc3 O-O 9. Bd3 b6 10. O-O Bxc3 11. bxc3 Ba6 12. Bxa6 Nxa6 13. Qa4 Nb8 14. c4
Qb7 15. Ne5 Nbd7 16. Nxd7 Nxd7 17. Rfd1 Nf6 18. Rac1 Rac8 19. Rd3 Ng4 20. h3
Nxe3 21. fxe3 Rc7 22. Rdc3 Rfc8 23. Qb3 h6 24. a4 Qe4 25. Qc2 Qh4 26. c5 bxc5
27. dxc5 Rc6 28. Rc4 Qg5 29. Qc3 Kf8 30. Rc2 Ke7 31. Kh1 Qf6 32. Qd3 Qe5 33.
Qd4 Qg3 34. Qc3 Qg5 35. Qb2 R8c7 36. Qc3 Qf6 37. Qd3 Qe5 38. Qd4 Qxd4 39. exd4
Rd7 40. Rb2 Rcc7 41. Kg1 Rd5 42. Kf2 e5 43. dxe5 Ke6 44. Rbc2 Rc6 45. Ke3 Rxe5+
46. Kd4 Rd5+ 47. Ke3 f5 48. g4 Re5+ 49. Kd3 Rd5+ 50. Ke3 g5 51. gxf5+ Kxf5 52.
Rf2+ Kg6 53. Rfc2 Kf5 1/2-1/2

[Event "Las Vegas Masters"]
[Site "Las Vegas"]
[Date "2006.06.12"]
[Round "5.14"]
[White "Boor, Carl Brando"]
[Black "Kiewra, Keaton"]
[Result "1/2-1/2"]
[WhiteElo "2233"]
[BlackElo "2257"]
[PlyCount "156"]
[EventDate "2006.06.??"]

1. d4 Nf6 2. c4 g6 3. Nc3 Bg7 4. e4 d6 5. f3 O-O 6. Be3 e5 7. Nge2 c6 8. Qd2
Nbd7 9. O-O-O a6 10. Kb1 b5 11. Nc1 Rb8 12. dxe5 dxe5 13. Bc5 Re8 14. Nb3 Bb7
15. Bd6 Ra8 16. g3 Qb6 17. c5 Qd8 18. a4 Nf8 19. Na2 Ra7 20. Bh3 Bc8 21. Bxc8
Qxc8 22. Qa5 Qa8 23. Nb4 N6d7 24. Rd3 Ne6 25. Rhd1 Bf6 26. Nc2 Rb7 27. axb5
Rxb5 28. Qc3 Rxb3 29. Qxb3 Ndxc5 30. Qc3 Nxd3 31. Rxd3 Rd8 32. f4 Bg7 33. fxe5
Qb7 34. Qc4 Qb6 35. h4 Qf2 36. Ka2 Qb6 37. Rb3 Qa5+ 38. Ra3 Qb5 39. Ne3 Bh6 40.
Qxb5 axb5 41. Ng4 Bg7 42. Ra6 h5 43. Ne3 Nd4 44. g4 Bh6 45. g5 Bf8 46. Bc7 Rc8
47. Bd6 Rd8 48. Bc7 Re8 49. Bb6 Nf3 50. Bc7 Bc5 51. Ng2 Nxe5 52. Bxe5 Rxe5 53.
Rxc6 Bd4 54. Nf4 Rxe4 55. Rc8+ Kg7 56. Nd5 Re2 57. Nc7 Rxb2+ 58. Ka3 Rf2 59.
Ne8+ Kh7 60. Rc7 Rf4 61. Kb3 Rxh4 62. Rxf7+ Kg8 63. Rd7 Rg4 64. Nd6 Be3 65.
Nxb5 Bxg5 66. Rd3 Bf4 67. Kc2 h4 68. Kd1 Bg3 69. Ke2 Rf4 70. Rf3 Rb4 71. Nc3 g5
72. Nd5 Rb2+ 73. Kf1 Kh7 74. Nf6+ Kg6 75. Ne4 g4 76. Rf6+ Kg7 77. Rf5 Rb1+ 78.
Kg2 Rb2+ 1/2-1/2

[Event "Las Vegas Masters"]
[Site "Las Vegas"]
[Date "2006.06.12"]
[Round "5.15"]
[White "Bick, John"]
[Black "Aramil, William"]
[Result "1-0"]
[WhiteElo "2238"]
[BlackElo "2215"]
[PlyCount "65"]
[EventDate "2006.06.??"]

1. d4 c5 2. d5 e5 3. c4 d6 4. e4 Be7 5. Bd3 Bg5 6. Nd2 Nf6 7. h3 Na6 8. a3 g6
9. Rb1 O-O 10. Ngf3 Bh6 11. g4 Bf4 12. b4 Kg7 13. Nf1 cxb4 14. axb4 Qb6 15.
Bxf4 exf4 16. Qd2 Nxe4 17. Bxe4 Re8 18. Qc3+ Kg8 19. N1d2 f5 20. gxf5 Bxf5 21.
Ng5 Re5 22. Kf1 Rf8 23. Bxf5 Rexf5 24. Ne6 R8f7 25. Nf3 h6 26. h4 Nc7 27. Re1
Re7 28. Rg1 g5 29. hxg5 h5 30. Rh1 Nxd5 31. cxd5 Qb5+ 32. Kg1 Rxd5 33. Rxh5 1-0

[Event "Las Vegas Masters"]
[Site "Las Vegas"]
[Date "2006.06.12"]
[Round "5.16"]
[White "Adamson, Robby"]
[Black "Belliard, Luis"]
[Result "0-1"]
[WhiteElo "2354"]
[BlackElo "2240"]
[PlyCount "84"]
[EventDate "2006.06.??"]

1. e4 c5 2. Nf3 Nf6 3. Nc3 e6 4. d4 d5 5. e5 cxd4 6. Qxd4 Nfd7 7. Qg4 Nc6 8.
Bb5 Qc7 9. O-O a6 10. Bxc6 bxc6 11. Re1 g6 12. Bf4 Bg7 13. h4 h5 14. Qg3 Rb8
15. b3 Bb7 16. Na4 c5 17. c3 Bc6 18. Nb2 a5 19. c4 d4 20. Nd3 a4 21. Rab1 axb3
22. axb3 O-O 23. Ng5 Rfe8 24. Qh3 Ba8 25. g4 hxg4 26. Qxg4 Rb6 27. Kh2 Reb8 28.
h5 Nf8 29. Rg1 Rxb3 30. Rbd1 Rxd3 31. Rxd3 Bxe5 32. Bg3 Rb2 33. hxg6 Bxg3+ 34.
Rdxg3 Rxf2+ 35. Kh3 Nxg6 36. Nxe6 Qe5 37. Ng7 Kxg7 38. Qh4 Qf5+ 39. Qg4 Qc2 40.
Qd7 Rh2+ 41. Kg4 Qe4+ 42. Kg5 Qf4# 0-1

[Event "Las Vegas Masters"]
[Site "Las Vegas"]
[Date "2006.06.12"]
[Round "5.17"]
[White "Alvarez, Franklin"]
[Black "Stoyko, Stephen"]
[Result "0-1"]
[WhiteElo "2188"]
[BlackElo "2293"]
[PlyCount "48"]
[EventDate "2006.06.??"]

1. e4 e6 2. d4 d5 3. Nd2 Nf6 4. Bd3 c5 5. e5 Nfd7 6. c3 cxd4 7. cxd4 Nc6 8.
Ngf3 f6 9. exf6 Qxf6 10. Nb3 h6 11. O-O Bd6 12. Qe2 O-O 13. Bd2 e5 14. dxe5
Ndxe5 15. Nxe5 Bxe5 16. Rab1 Bd7 17. Qh5 Be8 18. Qg4 b6 19. f4 Bxb2 20. Rxb2
Qxb2 21. Qe6+ Kh8 22. Rc1 Rf6 23. Qxd5 Rd8 24. Qf3 Ne5 0-1

[Event "Las Vegas Masters"]
[Site "Las Vegas"]
[Date "2006.06.12"]
[Round "6.2"]
[White "Mikhalevski, Victor"]
[Black "Bartholomew, John"]
[Result "1-0"]
[WhiteElo "2566"]
[BlackElo "2406"]
[PlyCount "71"]
[EventDate "2006.06.??"]

1. d4 Nf6 2. c4 c5 3. e3 cxd4 4. exd4 d5 5. Nc3 e6 6. Nf3 Be7 7. Bd3 Nc6 8. c5
O-O 9. O-O b6 10. cxb6 axb6 11. Qe2 Nb4 12. Bb5 Bd7 13. a3 Bxb5 14. Nxb5 Nc6
15. Bf4 Qd7 16. Rac1 Rfc8 17. h3 Ne8 18. Qd3 f6 19. h4 Na5 20. b3 Nb7 21. a4
Bb4 22. g3 Nbd6 23. Bxd6 Bxd6 24. Kg2 Bf8 25. Ng1 g6 26. Ne2 Bh6 27. Rxc8 Rxc8
28. Nec3 Bf8 29. Rc1 Rc6 30. Rc2 e5 31. dxe5 fxe5 32. Re2 Nf6 33. Rxe5 d4 34.
Nxd4 Ng4 35. Re4 Rf6 36. f3 1-0

[Event "Las Vegas Masters"]
[Site "Las Vegas"]
[Date "2006.06.12"]
[Round "6.5"]
[White "Hess, Robert"]
[Black "Kritz, Leonid"]
[Result "0-1"]
[WhiteElo "2354"]
[BlackElo "2578"]
[PlyCount "125"]
[EventDate "2006.06.??"]

1. e4 c5 2. Ne2 Nc6 3. g3 d5 4. Bg2 d4 5. d3 e5 6. f4 Bd6 7. Na3 Nge7 8. f5 Bd7
9. O-O Nc8 10. g4 f6 11. Ng3 h6 12. h4 Nb6 13. Bd2 a6 14. b3 Qe7 15. Kf2 O-O-O
16. Rh1 Qf7 17. Bf3 Ne7 18. Ba5 Bc7 19. Bd2 Kb8 20. Rb1 Nbc8 21. b4 cxb4 22.
Bxb4 Nc6 23. Qd2 b5 24. Bc5 Bb6 25. Bxb6 Nxb6 26. Rb3 Na4 27. Ne2 Nc5 28. Rb2
Na4 29. Rb3 Ka7 30. Rhb1 Rb8 31. c3 dxc3 32. Nxc3 Nxc3 33. Qxc3 Rhc8 34. Qc5+
Ka8 35. Qd6 Be8 36. Nc2 Qa7+ 37. Kg3 Rd8 38. Qa3 Rbc8 39. Rc3 Bf7 40. Rc1 Qb7
41. Qb2 Kb8 42. a3 Ne7 43. Ne3 Rxc3 44. Rxc3 Qb6 45. Qc1 Rd6 46. Nd5 Bxd5 47.
exd5 Rd8 48. Rc5 Rc8 49. Rxc8+ Nxc8 50. Qe1 Nd6 51. d4 exd4 52. Qe6 Qc7 53. Kf2
Kb7 54. Kg2 Kb6 55. Kf2 a5 56. Qg8 Kb7 57. Qe6 b4 58. axb4 axb4 59. Qe1 b3 60.
Bd1 b2 61. Ba4 Qc5 62. Bc6+ Kb6 63. Kf3 0-1

[Event "Las Vegas Masters"]
[Site "Las Vegas"]
[Date "2006.06.12"]
[Round "6.6"]
[White "Gonzalez, Renier"]
[Black "Almeida, Alfonso A"]
[Result "1-0"]
[WhiteElo "2470"]
[BlackElo "2400"]
[PlyCount "101"]
[EventDate "2006.06.??"]

1. e4 c5 2. Nf3 d6 3. c3 Nf6 4. h3 g6 5. Bd3 Bg7 6. Bc2 O-O 7. O-O Nc6 8. Re1
b5 9. d4 cxd4 10. cxd4 Bb7 11. Nc3 b4 12. Ne2 Rc8 13. Ng3 Nd7 14. Be3 a5 15.
Rc1 Nb6 16. Bd3 d5 17. e5 f6 18. exf6 exf6 19. b3 Rf7 20. h4 Nd7 21. h5 Nf8 22.
hxg6 hxg6 23. Qd2 Rfc7 24. Ne2 Ne7 25. Rc5 Rc6 26. Nf4 Kf7 27. Rec1 g5 28. Nh5
Ne6 29. Rxc6 Rxc6 30. Re1 Qh8 31. Ng3 Bc8 32. Nf5 Nxf5 33. Bxf5 Nf8 34. Bxc8
Rxc8 35. Qd3 Qh7 36. Qa6 Qf5 37. Qxa5 Rc2 38. Qxb4 Rxa2 39. Qb7+ Kg8 40. Rc1
Rb2 41. Nd2 Ne6 42. Nf1 Nf4 43. Ng3 Ne2+ 44. Nxe2 Rxe2 45. Qb5 Rb2 46. Qe8+ Kh7
47. Qh5+ Kg8 48. Rc7 Rb1+ 49. Bc1 Rxc1+ 50. Rxc1 Bf8 51. Qe8 1-0

[Event "Las Vegas Masters"]
[Site "Las Vegas"]
[Date "2006.06.12"]
[Round "6.7"]
[White "Rensch, Daniel"]
[Black "Perelshteyn, Eugene"]
[Result "0-1"]
[WhiteElo "2360"]
[BlackElo "2526"]
[PlyCount "144"]
[EventDate "2006.06.??"]

1. e4 c5 2. Nf3 g6 3. d4 cxd4 4. Nxd4 Nc6 5. c4 Nf6 6. Nc3 d6 7. Be2 Nxd4 8.
Qxd4 Bg7 9. Be3 O-O 10. Qd2 Be6 11. Rc1 Qa5 12. f3 Rfc8 13. Nd5 Qxd2+ 14. Kxd2
Kf8 15. b3 Nd7 16. f4 Nc5 17. Bf3 f5 18. exf5 Bxf5 19. Ke2 h5 20. Bxc5 Rxc5 21.
Ne3 Ra5 22. a4 Bd7 23. Rhf1 e6 24. Be4 Be8 25. Rcd1 Ke7 26. Rd3 Rb8 27. Rfd1
Ra6 28. Nc2 Rb6 29. Na3 Bc6 30. Kf3 Bxe4+ 31. Kxe4 a6 32. Nc2 Rd8 33. h3 Rc6
34. Ne3 h4 35. Kf3 b5 36. axb5 axb5 37. Kg4 Bf6 38. cxb5 Rc5 39. Nc4 d5 40. Ne5
Bxe5 41. fxe5 Rxb5 42. Ra1 Rb4+ 43. Kg5 Re4 44. Ra7+ Rd7 45. Rxd7+ Kxd7 46. Kf6
Re2 47. Rd4 Rf2+ 48. Kxg6 Rxg2+ 49. Kf6 Rf2+ 50. Kg6 Re2 51. Kf6 Re4 52. Rd3
Rf4+ 53. Kg6 Kc6 54. Rc3+ Kb5 55. Kg5 Kb4 56. Rc8 Rf5+ 57. Kxh4 Rxe5 58. Rb8+
Kc3 59. b4 d4 60. b5 d3 61. b6 Rb5 62. b7 Kd2 63. Kg4 e5 64. Kf5 Ke2 65. Re8
Rxb7 66. Rxe5+ Kf3 67. Rd5 Ke3 68. Re5+ Kf3 69. Rd5 Ke2 70. h4 d2 71. h5 Rb5
72. Rxb5 d1=Q 0-1

[Event "Las Vegas Masters"]
[Site "Las Vegas"]
[Date "2006.06.12"]
[Round "6.8"]
[White "Sevillano, Enrico"]
[Black "Gokhale, Chandrashekhar"]
[Result "1/2-1/2"]
[WhiteElo "2472"]
[BlackElo "2368"]
[PlyCount "133"]
[EventDate "2006.06.??"]

1. e4 e5 2. Nf3 Nc6 3. Bb5 Bc5 4. O-O Nf6 5. d3 Qe7 6. Nbd2 O-O 7. Nb3 Bb6 8.
a4 a6 9. Bxc6 bxc6 10. a5 Ba7 11. Be3 d6 12. Nbd2 Bd7 13. Re1 Bxe3 14. fxe3 Nh5
15. d4 g6 16. dxe5 dxe5 17. Qe2 f6 18. Qc4+ Qf7 19. Qc3 Ng7 20. Nb3 Ne8 21. Rf1
Qe7 22. Nc5 Nd6 23. b4 Be8 24. Rf2 Bf7 25. Nd2 Nb5 26. Qb2 Kg7 27. Raf1 Bg8 28.
Qa1 Be6 29. h3 h5 30. Qa4 Bd7 31. Qb3 Rf7 32. Qc4 Nd6 33. Qd3 Bc8 34. Rf3 Rf8
35. Rg3 Rh8 36. Rgf3 Rf8 37. Rd1 Rd8 38. Qb3 Nb7 39. Nd3 c5 40. bxc5 Nxa5 41.
Qa4 Nb7 42. Rdf1 Rf8 43. c6 Nd6 44. Qa5 Rf7 45. Rb1 Be6 46. Nc5 Qe8 47. Rb7
Nxb7 48. cxb7 Rb8 49. Qxa6 Bd7 50. Qa7 Bc6 51. Ndb3 Bxb7 52. Nxb7 c6 53. N3c5
Rbxb7 54. Nxb7 Qd7 55. Qc5 Qxb7 56. Rf1 Qb5 57. Qc3 Rd7 58. Ra1 h4 59. Qe1 Qc5
60. Ra8 Qxc2 61. Qxh4 Qd1+ 62. Kh2 Rd8 63. Ra7+ Rd7 64. Ra6 Rd6 65. Ra7+ Rd7
66. Ra6 Rd6 67. Ra7+ 1/2-1/2

[Event "Las Vegas Masters"]
[Site "Las Vegas"]
[Date "2006.06.12"]
[Round "6.10"]
[White "Aigner, Michael"]
[Black "Ducharme, Pierre"]
[Result "1-0"]
[WhiteElo "2245"]
[BlackElo "2018"]
[PlyCount "87"]
[EventDate "2006.06.??"]

1. d4 Nf6 2. c4 e6 3. a3 d5 4. Nc3 Be7 5. Nf3 c6 6. e3 Nbd7 7. b4 O-O 8. Bb2 b6
9. Bd3 a5 10. cxd5 exd5 11. b5 c5 12. Ne5 cxd4 13. Nc6 Qe8 14. Nxd4 Bc5 15. O-O
Ne5 16. Be2 Bg4 17. Bxg4 Nfxg4 18. h3 Nf6 19. a4 Nc4 20. Bc1 Qe5 21. Qd3 Bb4
22. Ra2 Rac8 23. Nce2 Ne4 24. Nc6 Qd6 25. Rd1 Nf6 26. Nf4 Ne5 27. Nxe5 Qxe5 28.
Bb2 Bc3 29. Bxc3 Rxc3 30. Qd4 Qxd4 31. Rxd4 Rd8 32. Rad2 Ra3 33. Nxd5 Nxd5 34.
Rxd5 Re8 35. Rd8 Kf8 36. Rxe8+ Kxe8 37. Rd4 Ra1+ 38. Kh2 Ra2 39. Kg3 Rb2 40.
Rd6 Rb4 41. Rd4 Ke7 42. Kf4 Ke6 43. Rxb4 axb4 44. Ke4 1-0

[Event "Las Vegas Masters"]
[Site "Las Vegas"]
[Date "2006.06.12"]
[Round "6.13"]
[White "Arjun, Vishnuvardhan"]
[Black "Kiewra, Keaton"]
[Result "1-0"]
[WhiteElo "2221"]
[BlackElo "2257"]
[PlyCount "79"]
[EventDate "2006.06.??"]

1. e4 c5 2. Nc3 Nc6 3. g3 g6 4. Bg2 Bg7 5. d3 d6 6. Be3 e5 7. Qd2 Nge7 8. f4
Be6 9. Nf3 Nd4 10. O-O O-O 11. Nh4 Qd7 12. Rf2 Bh3 13. Raf1 Bxg2 14. Kxg2 exf4
15. Bxf4 f5 16. Bh6 Rf7 17. Bxg7 Kxg7 18. exf5 Nexf5 19. Nxf5+ Rxf5 20. Rxf5
Nxf5 21. g4 Nd4 22. Qf4 Nxc2 23. Qf6+ Kg8 24. Nd5 Qg7 25. Qe6+ Kh8 26. Rf7 Ne3+
27. Kg3 Rf8 28. Rxg7 Nf1+ 29. Kg2 Kxg7 30. Qxd6 b6 31. Qxf8+ Kxf8 32. Kxf1 Kf7
33. Ke2 Ke6 34. Nc3 Ke5 35. Ke3 g5 36. Nb5 a6 37. Nc7 a5 38. a4 Kd6 39. Nb5+
Kd5 40. Na3 1-0

[Event "Las Vegas Masters"]
[Site "Las Vegas"]
[Date "2006.06.12"]
[Round "6.15"]
[White "Puri, Vinny"]
[Black "Savage, Ben"]
[Result "0-1"]
[WhiteElo "2246"]
[BlackElo "2310"]
[PlyCount "114"]
[EventDate "2006.06.??"]

1. c4 Nf6 2. Nc3 e6 3. Nf3 d5 4. d4 Be7 5. Bg5 O-O 6. e3 h6 7. Bh4 b6 8. cxd5
exd5 9. Bd3 Bb7 10. O-O Ne4 11. Bxe7 Qxe7 12. Rc1 Nd7 13. Qe2 c6 14. Rfd1 Rac8
15. a3 Nd6 16. b4 b5 17. e4 a6 18. e5 Nc4 19. Bxc4 bxc4 20. Na4 Rb8 21. Nc5 Bc8
22. h3 Nxc5 23. dxc5 a5 24. Nd4 Bd7 25. Rb1 Rb7 26. f4 Rfb8 27. Qd2 Ra8 28. Re1
axb4 29. axb4 Ra3 30. Re3 Rba7 31. Rc3 Be8 32. Qe3 Ra1 33. Rxa1 Rxa1+ 34. Rc1
Qa7 35. f5 Qa3 36. Qxa3 Rxa3 37. Rd1 Kf8 38. Kf2 Ke7 39. Ke2 h5 40. Rd2 f6 41.
e6 g6 42. Kf2 gxf5 43. Re2 f4 44. Nf5+ Kd8 45. e7+ Kd7 46. Nh6 Re3 47. Rxe3
fxe3+ 48. Kxe3 Kxe7 49. Kd4 Bd7 50. g4 hxg4 51. hxg4 Kf8 52. b5 cxb5 53. c6
Bxc6 54. Nf5 b4 55. Ne3 b3 56. Nd1 Kf7 57. Kc5 Ba8 0-1

[Event "Las Vegas Masters"]
[Site "Las Vegas"]
[Date "2006.06.12"]
[Round "6.16"]
[White "Stoyko, Stephen"]
[Black "Boor, Carl Brando"]
[Result "0-1"]
[WhiteElo "2293"]
[BlackElo "2233"]
[PlyCount "66"]
[EventDate "2006.06.??"]

1. d4 Nf6 2. Nf3 e6 3. g3 b5 4. Bg2 Bb7 5. O-O c5 6. c3 Be7 7. a4 a6 8. axb5
axb5 9. Rxa8 Bxa8 10. Qb3 Qb6 11. Na3 cxd4 12. cxd4 b4 13. Nc4 Qa6 14. Bg5 O-O
15. Bxf6 Bxf6 16. e3 Rc8 17. Nce5 h5 18. Nd2 Bxg2 19. Kxg2 Bxe5 20. dxe5 Qb7+
21. e4 Na6 22. h4 Qb5 23. Nf3 Nc5 24. Qc2 b3 25. Qc3 Qb7 26. Nd2 Rc6 27. Qf3
Qb4 28. Rd1 g6 29. Qf6 Nxe4 30. Qd8+ Kg7 31. Nf3 Rc2 32. Rd4 Qc5 33. Qxd7 Rxf2+
0-1

[Event "Las Vegas Masters"]
[Site "Las Vegas"]
[Date "2006.06.12"]
[Round "6.17"]
[White "Allen, Edward"]
[Black "Aramil, William"]
[Result "0-1"]
[WhiteElo "2196"]
[BlackElo "2215"]
[PlyCount "64"]
[EventDate "2006.06.??"]

1. e4 c5 2. Nf3 d6 3. d4 cxd4 4. Nxd4 Nf6 5. Nc3 g6 6. Be3 Bg7 7. f3 Nc6 8. Qd2
Bd7 9. Bc4 O-O 10. h4 a5 11. a4 h5 12. Bb3 Rc8 13. O-O-O Ne5 14. Kb1 Qc7 15.
Ncb5 Bxb5 16. Nxb5 Qd8 17. Bh6 Rc5 18. Bxg7 Kxg7 19. Rhe1 Qb6 20. f4 Neg4 21.
Qd4 e5 22. fxe5 dxe5 23. Qd6 Rc6 24. Qe7 Nf2 25. Bd5 Nxd1 26. Rxd1 Qc5 27. Qxc5
Rxc5 28. Bxb7 Rb8 29. Bd5 Rd8 30. Nc3 Ng4 31. Rf1 f5 32. Be6 f4 0-1

[Event "Las Vegas Masters"]
[Site "Las Vegas"]
[Date "2006.06.12"]
[Round "6.18"]
[White "Murzin, Lenar"]
[Black "Alvarez, Franklin"]
[Result "1-0"]
[WhiteElo "2195"]
[BlackElo "2188"]
[PlyCount "109"]
[EventDate "2006.06.??"]

1. d4 Nf6 2. c4 e6 3. Nf3 d5 4. Nc3 Bb4 5. Bg5 O-O 6. e3 Nbd7 7. Qc2 h6 8. Bh4
b6 9. cxd5 exd5 10. a3 Be7 11. Bd3 Bb7 12. O-O c5 13. Rfd1 Rc8 14. Bf5 cxd4 15.
Nxd4 Ne4 16. Bxe7 Qxe7 17. Bxe4 dxe4 18. Nf5 Qe6 19. Nd6 Rc7 20. Nxb7 Rxb7 21.
Qxe4 Qxe4 22. Nxe4 Rc7 23. Kf1 Ne5 24. Rac1 Rfc8 25. Rd8+ Rxd8 26. Rxc7 Rd7 27.
Rxd7 Nxd7 28. Ke2 Kf8 29. Nd6 a6 30. b4 Ke7 31. Nf5+ Kf6 32. Nd4 b5 33. f4 g5
34. Kd3 gxf4 35. exf4 Nb6 36. g4 Nc4 37. Nc2 Kg6 38. h3 h5 39. Kd4 h4 40. a4
Nb2 41. axb5 axb5 42. Ne3 Kf6 43. Ng2 Nd1 44. Nxh4 Nf2 45. Ng2 Nxh3 46. Kc5 Nf2
47. g5+ Kf5 48. Kxb5 Kg4 49. Kc6 Kg3 50. f5 Nd3 51. b5 Kg4 52. g6 fxg6 53. fxg6
Ne5+ 54. Kd6 Nxg6 55. b6 1-0

[Event "Las Vegas Masters"]
[Site "Las Vegas"]
[Date "2006.06.13"]
[Round "7.4"]
[White "Perelshteyn, Eugene"]
[Black "Gonzalez, Renier"]
[Result "1-0"]
[WhiteElo "2526"]
[BlackElo "2470"]
[PlyCount "59"]
[EventDate "2006.06.??"]

1. e4 d5 2. exd5 Qxd5 3. Nc3 Qa5 4. d4 Nf6 5. Nf3 Ne4 6. Bd3 Nxc3 7. bxc3 g6 8.
O-O Bg7 9. Re1 O-O 10. Bd2 Re8 11. Rb1 Nd7 12. c4 Qh5 13. Re4 g5 14. Bxg5 f5
15. Rxe7 Rxe7 16. Bxe7 b6 17. Nh4 Qxd1+ 18. Rxd1 f4 19. Nf5 Bb7 20. Bg5 f3 21.
Nxg7 Kxg7 22. Re1 Rf8 23. Re7+ Rf7 24. Bh6+ Kf6 25. Bg5+ Kg7 26. Rxf7+ Kxf7 27.
Bxh7 fxg2 28. Bf5 Nf6 29. d5 c6 30. d6 1-0

[Event "Las Vegas Masters"]
[Site "Las Vegas"]
[Date "2006.06.13"]
[Round "7.6"]
[White "Bartholomew, John"]
[Black "Belorusov, Mikhail"]
[Result "1-0"]
[WhiteElo "2406"]
[BlackElo "2309"]
[PlyCount "47"]
[EventDate "2006.06.??"]

1. e4 e6 2. d3 d5 3. Nd2 f5 4. e5 c5 5. Ngf3 Nc6 6. c3 g5 7. h3 h5 8. d4 g4 9.
hxg4 fxg4 10. Nh4 cxd4 11. cxd4 Nxd4 12. Qa4+ Nc6 13. Bd3 Qc7 14. Ng6 Rh6 15.
Nb3 Bb4+ 16. Kf1 Rh7 17. Be3 Bd7 18. Rc1 Be7 19. Nxe7 Rxe7 20. Rxh5 Rg7 21. Qf4
O-O-O 22. Nd4 a6 23. b4 Be8 24. Nxe6 1-0

[Event "Las Vegas Masters"]
[Site "Las Vegas"]
[Date "2006.06.13"]
[Round "7.7"]
[White "Friedel, Joshua"]
[Black "Arjun, Vishnuvardhan"]
[Result "1/2-1/2"]
[WhiteElo "2465"]
[BlackElo "2221"]
[PlyCount "114"]
[EventDate "2006.06.??"]

1. e4 c5 2. Nf3 d6 3. d4 cxd4 4. Nxd4 Nf6 5. Nc3 a6 6. f4 e5 7. Nf3 Nbd7 8. a4
Be7 9. Bd3 O-O 10. O-O Nc5 11. Kh1 d5 12. fxe5 Nfxe4 13. Nd4 Be6 14. Bf4 Qb6
15. Bxe4 dxe4 16. Nxe6 Qxe6 17. b4 Nd7 18. Qd4 f5 19. Nd5 Bd8 20. Rad1 Rf7 21.
Bg5 Bb6 22. Nxb6 Nxb6 23. g4 Re8 24. a5 Nd7 25. Rxf5 Nxe5 26. Qxe4 Rxf5 27.
gxf5 Qc6 28. Qxc6 Nxc6 29. Rd7 Nxb4 30. Bd2 Nc6 31. Rxb7 Re5 32. Bc3 Rxf5 33.
Rxg7+ Kf8 34. Rxh7 Rf3 35. Bd2 Rf2 36. Rd7 Ne5 37. Bb4+ Kg8 38. Rd2 Rf1+ 39.
Kg2 Rb1 40. Bc3 Nc4 41. Re2 Rb5 42. Re6 Nxa5 43. Rxa6 Nc4 44. Bd4 Rg5+ 45. Kf3
Nd2+ 46. Kf4 Rg2 47. h4 Rh2 48. Kg4 Rg2+ 49. Kh3 Re2 50. Rg6+ Kh7 51. Rg2 Rxg2
52. Kxg2 Kg6 53. Be3 Nc4 54. Kf3 Kh5 55. Bf2 Na3 56. c3 Nb1 57. Be1 Nxc3
1/2-1/2

[Event "Las Vegas Masters"]
[Site "Las Vegas"]
[Date "2006.06.13"]
[Round "7.8"]
[White "Savage, Ben"]
[Black "Rensch, Daniel"]
[Result "1-0"]
[WhiteElo "2310"]
[BlackElo "2360"]
[PlyCount "95"]
[EventDate "2006.06.??"]

1. e4 c5 2. c3 d6 3. d4 Nf6 4. Bd3 g6 5. h3 Bg7 6. Nf3 O-O 7. O-O Qc7 8. Be3 b6
9. Qe2 Bb7 10. Nbd2 Nbd7 11. Nh2 e6 12. f4 Nh5 13. Qf2 f5 14. e5 dxe5 15. dxe5
g5 16. fxg5 Nxe5 17. Be2 f4 18. Bxh5 Qc6 19. Ndf3 fxe3 20. Qxe3 c4 21. Ng4
Nxf3+ 22. Rxf3 Rxf3 23. gxf3 Qd6 24. Kg2 Rf8 25. Nh6+ Bxh6 26. gxh6 Rf5 27. Bg4
Re5 28. Rd1 Bd5 29. Qd4 Kf7 30. Rd2 Rg5 31. Kf1 Ke7 32. Qh8 Qf4 33. Qxh7+ Kd6
34. Rf2 Qc1+ 35. Kg2 Re5 36. Qxa7 Re1 37. Qxb6+ Bc6 38. Qd8+ Bd7 39. Qf8+ Kc7
40. Kg3 Rg1+ 41. Kh4 Qe3 42. Re2 Rxg4+ 43. fxg4 Qxe2 44. h7 Qe1+ 45. Kh5 Qe5+
46. g5 Qe2+ 47. Kh6 Be8 48. Qxe8 1-0

[Event "Las Vegas Masters"]
[Site "Las Vegas"]
[Date "2006.06.13"]
[Round "7.9"]
[White "Boor, Carl Brando"]
[Black "Ippolito, Dean"]
[Result "0-1"]
[WhiteElo "2233"]
[BlackElo "2413"]
[PlyCount "78"]
[EventDate "2006.06.??"]

1. c4 c5 2. b3 Nc6 3. Bb2 e5 4. d3 g6 5. g3 Bg7 6. Bg2 Nge7 7. h4 h6 8. Nc3 d6
9. h5 g5 10. e3 Be6 11. Nd5 Qd7 12. Qd2 Rb8 13. f4 g4 14. Ne2 O-O 15. d4 exd4
16. Nxe7+ Qxe7 17. exd4 Nxd4 18. Nxd4 Bxd4 19. Bxd4 Bd5+ 20. Kf2 Bxg2 21. Rae1
Be4 22. Ba1 f5 23. Qc3 Kh7 24. Re2 Rbd8 25. Rd1 Qf7 26. Red2 Bf3 27. Re1 Rd7
28. Kg1 Qxh5 29. Rh2 Qg6 30. Qe3 Be4 31. Rd1 Bf3 32. Rdd2 Qe8 33. Be5 dxe5 34.
fxe5 f4 35. gxf4 Rxd2 36. Rxd2 Qf7 37. Qd3+ Qf5 38. Qd7+ Qxd7 39. Rxd7+ Kg6 0-1